فوجی عدالت میں ایک دلچسپ مقدمہ / (Record no. 108446)

MARC details
000 -LEADER
fixed length control field 00929nam a22002657a 4500
005 - DATE AND TIME OF LATEST TRANSACTION
control field 20170123162340.0
010 ## - LIBRARY OF CONGRESS CONTROL NUMBER
LC control number 642398
020 ## - INTERNATIONAL STANDARD BOOK NUMBER
Terms of availability 00.00
035 ## - SYSTEM CONTROL NUMBER
System control number 642398
037 ## - SOURCE OF ACQUISITION
Source of stock number/acquisition Cen Lib/Ret
040 ## - CATALOGING SOURCE
Original cataloging agency DPL
Language of cataloging UR
082 ## - DEWEY DECIMAL CLASSIFICATION NUMBER
Classification number 842
Item number و ا و
100 ## - MAIN ENTRY--PERSONAL NAME
Personal name حرمین ووک
9 (RLIN) 126674
245 ## - TITLE STATEMENT
Title فوجی عدالت میں ایک دلچسپ مقدمہ /
Statement of responsibility, etc حرمین ووک ; منوہر سہے
246 ## - VARYING FORM OF TITLE
Title proper/short title Foji adlat men ek dilchasp maqadma /
Remainder of title by Harmeen Vavuk ;traslated by Manohar Sahaye
260 ## - PUBLICATION, DISTRIBUTION, ETC. (IMPRINT)
Name of publisher, distributor, etc انڈین اکادمی
Place of publication, distribution, etc نیی دہلی
Date of publication, distribution, etc 1965
270 ## - ADDRESS
City نیی دہلی
Address ٢٩ نریندر پریس
300 ## - PHYSICAL DESCRIPTION
Extent 124p.
Dimensions 18cm(Hb)
650 ## - SUBJECT ADDED ENTRY--TOPICAL TERM
Topical term or geographic name as entry element ادب -- اردو
9 (RLIN) 126675
650 ## - SUBJECT ADDED ENTRY--TOPICAL TERM
Topical term or geographic name as entry element اردو ڈرامے
9 (RLIN) 126676
650 ## - SUBJECT ADDED ENTRY--TOPICAL TERM
Topical term or geographic name as entry element Literature -- Urdu
9 (RLIN) 126677
650 ## - SUBJECT ADDED ENTRY--TOPICAL TERM
Topical term or geographic name as entry element Urdu drame
9 (RLIN) 126678
700 ## - ADDED ENTRY--PERSONAL NAME
Personal name منوہر سہے
9 (RLIN) 126679
942 ## - ADDED ENTRY ELEMENTS (KOHA)
Source of classification or shelving scheme Dewey Decimal Classification
Koha item type Urdu Bks
Classification part 842
Call number suffix و ا و
Holdings
Withdrawn status Lost status Damaged status Not for loan Home library Current library Date acquired Source of acquisition Cost, normal purchase price Total Checkouts Full call number Barcode Date last seen Copy number Cost, replacement price Price effective from Koha item type
        Central Library Central Library 20/01/2016 Cen Lib/Ret 0.00   842 و ا و 642398 20/01/2016 1 0.00 20/01/2016 Urdu Bks

© Delhi Public Library
Hit Counter
free hit counter